La vie d' Adele Η ζωή της Αντέλ
Η Αντέλ, μαθήτρια λυκείου, 15 χρόνων, ονειρεύεται να βρει τον έρωτα και αρχίζει να εξερευνά την σεξουαλική της ταυτότητα. Η σχέση της με έναν συμαθητή της έχει άδοξο τέλος, χωίς ποτέ να την προκαλέσει το ενδιαφέρον και την ερωτική ένταση που λαχταρά να ανακαλύψει. Η ζωή της ανατρέπεται από τη στιγμή...
Αποθηκεύτηκε σε:
| Άλλοι συγγραφείς: | , , , |
|---|---|
| Μορφή: | |
| Γλώσσα: | French Greek |
| Δημοσίευση: |
[Χ.τ.] :
Wildbunch and Quat'Sous Films,
c2013.
|
| Σειρά: | Ταινιοθήκη του Σινεμά
|
| Θέματα: | |
| Ετικέτες: |
Προσθήκη ετικέτας
Δεν υπάρχουν, Καταχωρήστε ετικέτα πρώτοι!
|
MARC
| LEADER | 00000ngm a2200000 a 4500 | ||
|---|---|---|---|
| 001 | 1/126230 | ||
| 008 | 230307s2013####xx ||| | || ||fre|| | ||
| 040 | |a GR-MyUa |b gre |c GR-MyUa |e AACR2 | ||
| 041 | 0 | |a fre |j gre | |
| 082 | 7 | |a 791.437 |2 (23) | |
| 245 | 0 | 3 | |a La vie d' Adele |h [μαγνητοσκόπηση] = |b Η ζωή της Αντέλ / |c Αμπντελατίφ Κεσίς. |
| 246 | 1 | |i Παράλληλος τίτλος: |a Η ζωή της Αντέλ | |
| 260 | |a [Χ.τ.] : |b Wildbunch and Quat'Sous Films, |c c2013. | ||
| 300 | |a 1 βιντεοδίσκος (177 λεπτά) : |b ομίλ., έγχρ. ; |c 4 3/4 ίν. | ||
| 490 | 1 | |a (Η ταινιοθήκη του Σινεμά) | |
| 511 | 0 | |a Αντέλ Εξαρχόπουλος, Λέα Σεϊντού, Σαλίμ Κέσιους. | |
| 520 | 8 | |a Η Αντέλ, μαθήτρια λυκείου, 15 χρόνων, ονειρεύεται να βρει τον έρωτα και αρχίζει να εξερευνά την σεξουαλική της ταυτότητα. Η σχέση της με έναν συμαθητή της έχει άδοξο τέλος, χωίς ποτέ να την προκαλέσει το ενδιαφέρον και την ερωτική ένταση που λαχταρά να ανακαλύψει. Η ζωή της ανατρέπεται από τη στιγμή που θα συναντήσει τυχαία μια νύχτα την Έμμα, ένα κορίτσι με μπλε μαλλιά. Μαζί θα ζήσουν μια έντονη ερωτική σχέση γεμάτη πάθος και και αγάπη. | |
| 650 | 0 | |a Teenagers |x Sexual behavior |v Drama. | |
| 655 | 7 | |a Feature films |2 lcgft | |
| 700 | 1 | |a Kechiche, Abdellatif, |e drt | |
| 700 | 1 | |a Exarchopoulos, Adèle, |e act | |
| 700 | 1 | |a Seydoux, Léa, |d 1985- |e act | |
| 700 | 1 | |a Kechiouche, Salim, |e act | |
| 830 | 0 | |a Ταινιοθήκη του Σινεμά | |
| 852 | |a INST |b SYROS |c AV |e 20230306 |h 791.437 KEC |p 005500015425 |q 005500015425 |t DVD |y 23 | ||
| 970 | |a Κοντού |b Παρασκευή |z 07/03/2023 | ||